| 000 | 00491nam a22001937a 4500 | ||
|---|---|---|---|
| 003 | OSt | ||
| 005 | 20180116182952.0 | ||
| 008 | 131204b xxu||||| |||| 00| 0 eng d | ||
| 020 | _a9788131517147 | ||
| 040 |
_a0 _c0 |
||
| 082 |
_25th Ed. _a303.34 DAF 2011 |
||
| 100 | _aRichard L. Daft | ||
| 245 |
_aLeadership _cRichard L. Daft |
||
| 250 | _a5th Ed. | ||
| 260 |
_aHong Kong, New Delhi India _bCengage Learning _c2011 |
||
| 300 |
_a507p. _bPB |
||
| 440 | _aLeadership | ||
| 942 |
_2ddc _cBK |
||
| 999 |
_c349534 _d349534 |
||